Diatheke
Uloženo v:
| Hlavní autor: | |
|---|---|
| Médium: | Kniha |
| Jazyk: | Starořečtina |
| Vydáno: |
Londres
British and Foreign Biblical Society
1904
|
| Vydání: | 1a. ed |
| Témata: | |
| Tagy: |
Přidat tag
Žádné tagy, Buďte první, kdo vytvoří štítek k tomuto záznamu!
|
MARC
| LEADER | 00000cam a2200000 a 4500 | ||
|---|---|---|---|
| 001 | UCD3145 | ||
| 003 | CL-VaPUC | ||
| 008 | 160526e19040000uk |||||||||||||||||grc|d | ||
| 082 | 0 | 4 | |a 225 |b HKA |2 21 |
| 100 | 0 | |a H Kainh |e author |9 586509 | |
| 245 | 1 | 0 | |a Diatheke |
| 250 | |a 1a. ed | ||
| 300 | |a 668 p | ||
| 942 | |c BK | ||
| 945 | |d 20160526 21:26:00 |a dcastane | ||
| 260 | |a Londres |b British and Foreign Biblical Society |c 1904 | ||
| 650 | 0 | |a Biblia |9 257603 | |
| 650 | 0 | |a Nuevo testamento |9 257604 | |
| 583 | |a last modification |c 20160526 21:26:00 |k Rodrigo Vera | ||
| 999 | |c 364202 |d 364200 | ||
| 952 | |0 0 |1 0 |3 erd |4 0 |6 225_000000000000000_HKA_1904 |7 0 |8 X |9 477151 |a BIBTEO |b BIBTEO |c TEO_FFR |i 5232058 |o 225 HKA 1904 |p 5232058 |r 2024-01-18 |w 2019-11-24 |y BK_X |z Catalogado en:20160526 |k OFM | ||